Cement concrete roads (Record no. 5385)

MARC details
000 -LEADER
fixed length control field 00482nam a2200145Ia 4500
003 - CONTROL NUMBER IDENTIFIER
control field SGT
082 ## - DEWEY DECIMAL CLASSIFICATION NUMBER
Classification number 624
Item number CMA
100 ## - MAIN ENTRY--PERSONAL NAME
Personal name CMA
245 ## - TITLE STATEMENT
Title Cement concrete roads
260 ## - PUBLICATION, DISTRIBUTION, ETC. (IMPRINT)
Name of publisher, distributor, etc Cement Manufacturers Association
Place of publication, distribution, etc New Delhi
Year of Publication 2010
300 ## - PAGE DESCRIPTION
No. of Pages 16p.
650 ## - SUBJECT ADDED ENTRY--TOPICAL TERM
Topical term or geographic name as entry element CIVIL ENGINEERING
653 ## - KEYWORDS--INDEX TERM
Keyword term ROAD NETWORK OF INDIA, INDIAN CEMENT INDUSTRY,CEMENT MANUFACTURERS' ASSOCIATION (CMA)THE CASE FOR CONCRETE PAVEMENTS INITIAL COST CONSTRUCTION ADVANTAGES TO GOVERNMENT
942 ## - ADDED ENTRY ELEMENTS (KOHA)
Source of classification or shelving scheme Dewey Decimal Classification
Koha item type Books
Holdings
Withdrawn status Lost status Source of classification or shelving scheme Damaged status Not for loan Home library Current library Date acquired SGTU Full call number Accession No. (Barcode) Date last seen Bill Date Koha item type
    Dewey Decimal Classification     SGT Engineering Library SGT Engineering Library 15/10/2013 SGTU 624 CMA FE4279 09/02/2015 09/02/2015 Gifted Books